000 00770nam a22002417a 4500
001 7586
003 BD-RjUL
005 20211208234436.0
008 140115r19601955enkc|||| |||| 001 0 eng d
035 _a(BD-RjUL)7630
040 _aBD-RjUL
_beng
_cBD-RjUL
041 _aeng
082 0 4 _a808.042
_bOME 1960
100 1 _aO'Malley, Raymond
_923673
245 1 _aEnglish two /
_cRaymond O'Malley, Denys Thompson.
260 _aLondon :
_bHeinemann Educational,
_c1955 [reprint 1960].
300 _ax, 272 p. :
_bill. ;
_c19 cm.
504 _aInclude index.
650 _aEnglish language -- Rhetoric.
_923674
700 1 _aThompson, Denys
_923675
856 _3WorldCat
_uhttp://www.worldcat.org/title/english-two/oclc/19608503&referer=brief_results
942 _2ddc
_cBK
999 _c7586
_d7586